000 00628nam a2200229Ia 4500
003 BUBTL
008 151213s9999 xx 000 0 und d
020 _a034070621x
082 _a418.007/ M4598a/ 2002
100 _aMcDonogh, Steven
_94970
245 _aApplied Linguistic in Language Education /
_cSteven McDonogh
250 _a1st Edn
260 _aLondon
_bArnold London
_cc2002
300 _a178p. :
_b23 cm
500 _aIncludes Index
650 _aEnglish Literature
650 _a
700 _aSteven McDonogh
_94971
856 _k0
_l0
_yDownload
942 _2ddc
_cBK
999 _c2380
_d2380